000 00350nam a22001457a 4500
008 210511b ||||| |||| 00| 0 eng d
020 _a136749526
041 _aeng
080 _a159.9
082 _a159.9
100 _a48
101 _aPSI
245 _aPiaget's theory of intellectual development an introduction
_cGinsburg,H
942 _2udc
_cBK
999 _c57150
_d57150